01430nam a2200385 a 4500001001200000003000800012006001900020007001500039008004100054020001800095020001800113020001500131040002100146035002100167050002400188100002400212245006500236260004900301300001900350490005900369490001800428504005300446533015200499650001200651650002300663650002200686650002300708655002900731710003000760710001700790830004600807830004800853856012600901999001701027ebr10236872CaPaEBRm u cr cn|||||||||081104s2004 enka sb 001 0 eng d z9781859574898 z9781847352064 z1859574890 aCaPaEBRcCaPaEBR a(OCoLC)56057797914aTS1912b.S58 2004eb1 aShulman, Valerie L.10aTyre recyclingh[electronic resource] /cValerie L. Shulman. aShrewsbury, U.K. :bRapra Technology,c2004. a134 p. :bill.1 aRapra review reports,x0889-3144 ;vv. 15, no. 7, 20041 aReport ;v175 aIncludes bibliographical references and indexes. aElectronic reproduction.bPalo Alto, Calif. :cebrary,d2011.nAvailable via World Wide Web.nAccess may be limited to ebrary affiliated libraries. 0aRubber. 0aRubbervAbstracts. 0aTiresxRecycling. 0aRubber, Reclaimed. 7aElectronic books.2local2 aRapra Technology Limited.2 aebrary, Inc. 0aReport (Rapra Technology Limited) ;v175. 0aRapra review reports ;vv. 15, no. 7, 2004.40uhttp://site.ebrary.com/lib/rucke/Doc?id=10236872zAn electronic book accessible through the World Wide Web; click to view c37135d37135